[Event "Online Olym Div3 B 2021"]
[Site "chess.com INT"]
[Date "2021.08.28"]
[Round "5.3"]
[Board "1"]
[White "Belachew, Yimam Abera"]
[Black "Chunguane, Ilidio Alberto"]
[Result "0-1"]
[WhiteTitle "FM"]
[BlackTitle "CM"]
[WhiteElo "2116"]
[BlackElo "1997"]
[WhiteTeam "Ethiopia"]
[BlackTeam "Mozambique"]
[WhiteFideId "15700046"]
[BlackFideId "14800276"]
[EventDate "2021.08.27"]
[EventType "team"]

1. e4 c6 2. d4 d5 3. Nc3 dxe4 4. Nxe4 Bf5 5. Ng3 Bg6 6. f4 e6 7. Nf3 Nf6 8. Ne5
Nbd7 9. c3 Be7 10. Bd3 Bxd3 11. Qxd3 g6 12. O-O O-O 13. h4 h5 14. Nf3 Ng4 15.
Ng5 Bxg5 16. fxg5 c5 17. Ne4 cxd4 18. cxd4 Rc8 19. Bf4 Qb6 20. b3 e5 21. Be3
Nxe3 22. Qxe3 Qxd4 23. Qxd4 exd4 24. Rad1 Rc2 25. Rxd4 Ne5 26. Nf6+ Kg7 27. Re4
Nc6 28. Ref4 Rd2 29. b4 a6 30. a4 Rd4 31. b5 axb5 32. axb5 Rxf4 33. Rxf4 Na7 34.
b6 Nc8 35. Rb4 Rd8 36. Kh2 Kf8 37. Kh3 Rd6 38. Re4 Ne7 39. Nh7+ Ke8 40. Nf6+ Kf8
41. Ra4 Rd3+ 42. g3 Nd5 43. Ra8+ Ke7 44. Rb8 Nxf6 45. gxf6+ Kxf6 46. Rxb7 Rb3
47. Rb8 Kf5 48. b7 f6 49. Kg2 Rb2+ 50. Kf3 Rb3+ 51. Ke2 Kg4 52. Kd2 Kxg3 53. Kc2
Rb6 54. Kc3 f5 55. Kc4 f4 56. Kd4 f3 57. Ke3 Rb3+ 58. Kd2 f2 59. Ke2 Rb2+ 60.
Kf1 Rb1+ 61. Ke2 f1=Q+ 62. Ke3 Qf4+ 63. Kd3 Rb3+ 0-1

[Event "Online Olym Div3 B 2021"]
[Site "chess.com INT"]
[Date "2021.08.28"]
[Round "5.3"]
[Board "2"]
[White "Jamal, Hamid Harmon Gulamo"]
[Black "Tsige, Addisalem Temesgen"]
[Result "0-1"]
[WhiteElo "1495"]
[BlackElo "2050"]
[WhiteTeam "Mozambique"]
[BlackTeam "Ethiopia"]
[WhiteFideId "14801221"]
[BlackFideId "15700160"]
[EventDate "2021.08.27"]
[EventType "team"]

1. e4 c5 2. Nf3 g6 3. d4 cxd4 4. Nxd4 Nc6 5. c4 Nf6 6. Nc3 Nxd4 7. Qxd4 d6 8.
Be2 Bg7 9. Qd1 O-O 10. Be3 a5 11. Rc1 a4 12. O-O a3 13. b4 Be6 14. f3 Nd7 15.
Bd4 Ne5 16. f4 Nc6 17. Bxg7 Kxg7 18. f5 Bc8 19. Nd5 Ne5 20. Qd4 gxf5 21. exf5 f6
22. Bh5 Kh8 23. Rf4 Rg8 24. Rh4 Bxf5 25. Kh1 Rc8 26. Ne3 Qd7 27. Rf1 Bd3 28. Rc1
Qa4 29. Bf7 Rg7 30. Be6 Rf8 31. Nd5 b5 32. c5 Bc4 33. cxd6 exd6 34. Nf4 Qxb4 35.
Bxc4 bxc4 36. Ne6 Qb2 37. Qxb2 axb2 38. Rb1 c3 39. Nd4 Ra8 40. Rh3 Rc7 41. Nc2
Rxa2 42. Kg1 d5 43. Kf2 d4 44. Ke2 Rd7 45. Nxd4 Ra1 46. Rxc3 Rxb1 47. Ne6 Re1+
48. Kf2 Kg8 49. Rc8+ Kf7 50. Kxe1 b1=Q+ 51. Kf2 Qf5+ 52. Ke2 Kxe6 53. Rc3 Ra7
54. Ke3 Qg5+ 55. Kd4 Qf4+ 56. Kc5 Rc7+ 0-1

[Event "Online Olym Div3 B 2021"]
[Site "chess.com INT"]
[Date "2021.08.28"]
[Round "5.3"]
[Board "3"]
[White "Haile, Lidet, Abate"]
[Black "Vilhete, Vania Fausto Da T."]
[Result "0-1"]
[BlackTitle "WIM"]
[WhiteElo "1606"]
[BlackElo "1753"]
[WhiteTeam "Ethiopia"]
[BlackTeam "Mozambique"]
[WhiteFideId "15702073"]
[BlackFideId "14800144"]
[EventDate "2021.08.27"]
[EventType "team"]

1. e4 c5 2. Nf3 d6 3. h3 Nf6 4. Nc3 e6 5. a3 Be7 6. Bc4 a6 7. d3 O-O 8. O-O Qc7
9. Bd2 Nbd7 10. Ne2 b5 11. Bb3 c4 12. Ba2 Bb7 13. Ng3 Nc5 14. Bc3 Rac8 15. Re1
Rfd8 16. Qe2 cxd3 17. cxd3 Na4 18. Rac1 Nxc3 19. Rxc3 Qb6 20. Rec1 Rxc3 21. Rxc3
a5 22. Qc2 Ne8 23. Ne2 b4 24. axb4 axb4 25. Rb3 Rc8 26. Qd2 d5 27. Ng3 dxe4 28.
dxe4 Nf6 29. Bb1 Qc6 30. Kh2 Rd8 31. Rd3 Rxd3 32. Qxd3 g6 33. Bc2 Nd7 34. Ne5
Nxe5 35. Qd2 Nc4 36. Qd4 e5 37. Qd1 Nxb2 38. Qe2 Nc4 39. Bb3 Nd6 40. Bd5 Qc7 41.
Bb3 Bf8 42. Qg4 Qc3 43. Ba4 Qa3 44. Bd7 b3 45. Nh5 b2 0-1

[Event "Online Olym Div3 B 2021"]
[Site "chess.com INT"]
[Date "2021.08.28"]
[Round "5.3"]
[Board "4"]
[White "Sitoe, Cheila Andre"]
[Black "Tekulu, Masho Beyene"]
[Result "1-0"]
[WhiteTitle "WCM"]
[WhiteElo "1588"]
[BlackElo "1403"]
[WhiteTeam "Mozambique"]
[BlackTeam "Ethiopia"]
[WhiteFideId "14800780"]
[BlackFideId "15702758"]
[EventDate "2021.08.27"]
[EventType "team"]

1. d4 Nf6 2. Nf3 e6 3. Bd2 c5 4. Nc3 a6 5. e3 Nc6 6. dxc5 Bxc5 7. a3 d5 8. Be2
e5 9. b4 Bb6 10. Na4 Ne4 11. O-O Nxd2 12. Qxd2 O-O 13. Nxb6 Qxb6 14. Qxd5 Be6
15. Qe4 f6 16. Bd3 g6 17. Rfd1 Qc7 18. c4 Bc8 19. c5 Qe7 20. Bc4+ Be6 21. Bxe6+
Qxe6 22. Rd6 Qe7 23. Qc4+ Qf7 24. Qd3 Rad8 25. Rd1 Qe7 26. Qb3+ Kh8 27. h3 Qc7
28. a4 a5 29. b5 Nb4 30. Qe6 Rxd6 31. cxd6 Qd8 32. d7 Rg8 33. Nh2 Rg7 34. Ng4
Nc2 35. Nxf6 Re7 36. Qxe7 Qxe7 37. d8=Q+ Qxd8 38. Rxd8+ Kg7 39. Nd5 Ne1 40. Rd7+
Kf8 41. Rxb7 Nd3 42. Rxh7 Kg8 43. Nf6+ Kf8 44. b6 Nc5 45. b7 Nxb7 46. Rxb7 g5
47. Nd7+ Ke7 48. Nxe5+ Ke6 49. Nf3 Kf5 50. Nxg5 Kxg5 51. f4+ Kh4 52. Rg7 Kh5 53.
f5 Kh6 54. Rg4 Kh5 55. f6 Kh6 56. f7 Kh7 57. Rg8 Kh6 58. f8=Q+ Kh5 59. Qf5+ Kh6
60. Qg6# 1-0

[Event "Online Olym Div3 B 2021"]
[Site "chess.com INT"]
[Date "2021.08.28"]
[Round "5.3"]
[Board "5"]
[White "Kebede, Yoseph Kifle"]
[Black "Vasco, Mateus Felizardo Viageiro"]
[Result "0-1"]
[WhiteElo "1814"]
[BlackElo "1862"]
[WhiteTeam "Ethiopia"]
[BlackTeam "Mozambique"]
[WhiteFideId "15708063"]
[BlackFideId "14800403"]
[EventDate "2021.08.27"]
[EventType "team"]

1. Nf3 Nf6 2. c4 e6 3. d4 b6 4. a3 Bb7 5. Nc3 Be7 6. d5 exd5 7. cxd5 O-O 8. e4
Re8 9. Bd3 d6 10. O-O Nbd7 11. Re1 h6 12. h3 Bf8 13. Bf4 a6 14. Rc1 b5 15. Bb1
Rc8 16. Nd4 Ne5 17. Nf5 Ng6 18. Bg3 Nd7 19. f4 Qf6 20. Qd3 Nc5 21. Qd1 c6 22. b4
Nd7 23. dxc6 Bxc6 24. Nd5 Bxd5 25. Qxd5 Rxc1 26. Rxc1 Qb2 27. Rd1 Nf6 28. Qd3
Nxe4 29. Re1 Nf6 30. Rxe8 Nxe8 31. Nh4 Qf6 32. Nxg6 fxg6 33. Qxg6 Qd4+ 34. Kh2
Nf6 35. Ba2+ d5 36. Bb1 Bd6 37. Qf5 Kf7 0-1

[Event "Online Olym Div3 B 2021"]
[Site "chess.com INT"]
[Date "2021.08.28"]
[Round "5.4"]
[Board "1"]
[White "Mansour, Sameer"]
[Black "Salih, Akar Ali Salih"]
[Result "0-1"]
[WhiteTitle "IM"]
[BlackTitle "FM"]
[WhiteElo "2308"]
[BlackElo "2274"]
[WhiteTeam "Jordan"]
[BlackTeam "Iraq"]
[WhiteFideId "8100144"]
[BlackFideId "4800575"]
[EventDate "2021.08.27"]
[EventType "team"]

1. d4 Nf6 2. c4 g6 3. Nc3 Bg7 4. Nf3 O-O 5. g3 d6 6. Bg2 Nc6 7. O-O a6 8. d5 Na5
9. Qd3 c5 10. e4 Rb8 11. Bd2 b5 12. b3 bxc4 13. bxc4 Rb4 14. e5 Ng4 15. exd6
exd6 16. Ne4 Ra4 17. Rac1 Bf5 18. h3 Nf6 19. Nh4 Nxe4 20. Nxf5 gxf5 21. Bxe4
fxe4 22. Qxe4 Re8 23. Qg4 Qc8 24. Qh4 Rxa2 25. Bf4 Nb3 26. Rfe1 Nd4 27. Kf1
Rxe1+ 28. Rxe1 Nf3 29. Qg4 Nh2+ 0-1

[Event "Online Olym Div3 B 2021"]
[Site "chess.com INT"]
[Date "2021.08.28"]
[Round "5.4"]
[Board "2"]
[White "Ahmed, Ali Layth Ahmed"]
[Black "Loay, Sameer"]
[Result "1/2-1/2"]
[WhiteTitle "FM"]
[BlackTitle "IM"]
[WhiteElo "2253"]
[BlackElo "2197"]
[WhiteTeam "Iraq"]
[BlackTeam "Jordan"]
[WhiteFideId "4801920"]
[BlackFideId "8104239"]
[EventDate "2021.08.27"]
[EventType "team"]

1. d4 d6 2. Nf3 g6 3. c4 Bg7 4. Nc3 Nf6 5. e4 O-O 6. Be2 Na6 7. O-O e5 8. Be3
Ng4 9. Bg5 Qe8 10. dxe5 Nxe5 11. Nd4 h6 12. Be3 c6 13. f4 Nd7 14. f5 Nac5 15.
Qc2 a5 16. Rae1 Qe7 17. Kh1 Re8 18. fxg6 fxg6 19. Qc1 Kh7 20. Qc2 Ne5 21. Nb3
Nxb3 22. axb3 Be6 23. Qd2 Rf8 24. Rd1 Rxf1+ 25. Rxf1 Rf8 26. Rxf8 Qxf8 27. h3 h5
28. Bf4 Nf7 29. Nd1 Bh6 30. Bxh6 Qxh6 31. Qxa5 Qf4 32. Qc3 Qxe4 33. Bf3 Qf4 34.
Qe3 Qxe3 35. Nxe3 Ne5 36. Be2 Kg7 37. b4 Kf6 38. Kg1 d5 39. cxd5 cxd5 40. Nc2
Bf5 41. Nd4 Be4 42. g3 Nc6 43. Nxc6 bxc6 44. Kf2 Ke5 45. Ke3 Bf5 46. h4 d4+ 47.
Kd2 Ke4 48. b5 cxb5 49. Bxb5 Kf3 50. b4 Kxg3 51. Bc6 Kxh4 52. b5 Bc8 53. b6 Ba6
54. b7 Bxb7 55. Bxb7 Kg3 56. Kd3 g5 57. Kxd4 g4 58. Ke3 Kh2 59. Kf4 Kh3 60. Kg5
h4 61. Bc8 Kg3 62. Bxg4 h3 63. Bxh3 1/2-1/2

[Event "Online Olym Div3 B 2021"]
[Site "chess.com INT"]
[Date "2021.08.28"]
[Round "5.4"]
[Board "3"]
[White "Boshra, Alshaeby"]
[Black "A-Ali, Sali Abbas Abdulzahra"]
[Result "1/2-1/2"]
[WhiteTitle "WFM"]
[BlackTitle "WFM"]
[WhiteElo "2033"]
[BlackElo "1919"]
[WhiteTeam "Jordan"]
[BlackTeam "Iraq"]
[WhiteFideId "8102937"]
[BlackFideId "4804929"]
[EventDate "2021.08.27"]
[EventType "team"]

1. e4 e6 2. d3 c5 3. Nf3 Nc6 4. g3 Nge7 5. Bg2 g6 6. O-O Bg7 7. c3 O-O 8. h4 b5
9. h5 a5 10. Re1 Qb6 11. h6 Bh8 12. Nbd2 d6 13. a4 Ba6 14. axb5 Qxb5 15. Nc4 d5
16. exd5 exd5 17. Nce5 Rfe8 18. d4 cxd4 19. cxd4 Nf5 20. Bf4 Nd8 21. Qd2 a4 22.
Bf1 Qb7 23. Nxg6 Rxe1 24. Rxe1 Ne6 25. Nxh8 Kxh8 26. Be5+ Kg8 27. Bh3 Ne7 28.
Bf6 Ng6 29. Bxe6 fxe6 30. Rxe6 Rf8 31. Qg5 Qxb2 32. Re7 Rf7 33. Qxd5 Qc1+ 34.
Kh2 Qxh6+ 35. Nh4 Qf8 36. Rxf7 Qxf7 37. Qd8+ Nf8 38. Nf5 Qh5+ 39. Nh4 Qf7 40. f4
Qa2+ 41. Kh3 Bf1+ 42. Kg4 Qe2+ 43. Nf3 h5+ 44. Kg5 Qxf3 45. Qe8 Qg4+ 46. Kh6 Bd3
47. Bg5 Qe6+ 48. Qxe6+ Nxe6 49. Bf6 Be4 50. Kxh5 Bd5 51. f5 Nf8 52. Be7 Nd7 53.
g4 Kf7 54. Ba3 Nf6+ 55. Kg5 Ne4+ 56. Kf4 Nc3 57. g5 Nb5 58. Bb2 a3 59. Ba1 a2
60. Ke5 Bb3 61. g6+ Kg8 62. f6 Na3 63. d5 Nc2 64. Bc3 a1=Q 65. Bxa1 Nxa1 66. Ke6
Bxd5+ 67. Kxd5 Nc2 68. Ke5 Ne3 69. Ke6 Ng4 70. g7 Nh6 71. Ke7 Nf7 72. Ke8 Nh6
73. Ke7 Nf7 1/2-1/2

[Event "Online Olym Div3 B 2021"]
[Site "chess.com INT"]
[Date "2021.08.28"]
[Round "5.4"]
[Board "4"]
[White "Al-Fayyadh, Zainab Asif Abdulah"]
[Black "Alattar, Ghayda M."]
[Result "1-0"]
[BlackTitle "WFM"]
[WhiteElo "1658"]
[BlackElo "1868"]
[WhiteTeam "Iraq"]
[BlackTeam "Jordan"]
[WhiteFideId "4806476"]
[BlackFideId "8101531"]
[EventDate "2021.08.27"]
[EventType "team"]

1. e4 d6 2. d4 Nf6 3. Nc3 g6 4. Nf3 Bg7 5. Be2 c6 6. Bf4 b5 7. a3 a6 8. Qd2 O-O
9. Bh6 c5 10. dxc5 dxc5 11. Qf4 Qa5 12. O-O e6 13. Bxg7 Kxg7 14. e5 Ne8 15. h4
Bb7 16. Rad1 Qc7 17. Nh2 Qe7 18. h5 h6 19. Ne4 f5 20. exf6+ Nxf6 21. Nxf6 Rxf6
22. Qe5 Nc6 23. Qe3 g5 24. Ng4 Rf7 25. c3 Raf8 26. Bd3 Rf4 27. Ne5 Rh4 28. Ng6
Qd6 29. Nxh4 gxh4 30. Be4 Qe7 31. Bxc6 Bxc6 32. Qe5+ Kg8 33. Rd6 Bd5 34. Rxd5
Rf5 35. Qb8+ Rf8 36. Qe5 Rf5 37. Qd6 Qf6 38. Rxf5 Qxf5 39. Qxa6 h3 40. Qa8+ Kg7
41. gxh3 Qxh5 42. Qg2+ Kf7 43. Re1 Qf5 44. Re3 Ke7 45. Qb7+ Kf8 46. Rf3 1-0

[Event "Online Olym Div3 B 2021"]
[Site "chess.com INT"]
[Date "2021.08.28"]
[Round "5.4"]
[Board "5"]
[White "Amr Majdalawi"]
[Black "Rabeea, Sabah Nori"]
[Result "0-1"]
[WhiteTitle "CM"]
[BlackTitle "FM"]
[WhiteElo "1806"]
[BlackElo "2009"]
[WhiteTeam "Jordan"]
[BlackTeam "Iraq"]
[WhiteFideId "8106401"]
[BlackFideId "4806212"]
[EventDate "2021.08.27"]
[EventType "team"]

1. e4 e5 2. Nf3 Nf6 3. d3 Nc6 4. c3 d5 5. Nbd2 Bc5 6. Be2 O-O 7. O-O a6 8. Qc2
Re8 9. h3 h6 10. Rd1 Qe7 11. Nf1 Be6 12. Ng3 dxe4 13. dxe4 Rad8 14. Nh4 Rxd1+
15. Bxd1 Qd7 16. Be2 Ne7 17. Bd2 Qc6 18. Bf3 Qb6 19. Be1 a5 20. b4 axb4 21. cxb4
Bd4 22. Rb1 Ra8 23. a4 c6 24. b5 c5 25. a5 Qc7 26. Nhf5 Ng6 27. b6 Qd7 28. a6
Rxa6 29. Be2 Ra8 30. Bb5 Qd8 31. Bd2 Bxf5 32. Nxf5 Ne7 33. Ne3 Qxb6 34. Nc4 Qc7
35. Be3 Ng6 36. Bxd4 cxd4 37. Qd3 Qc5 38. Nd2 Nf4 39. Qc4 Qa3 40. g3 Nxh3+ 41.
Kg2 Ng5 42. Rb3 Qa2 43. Nf3 Ngxe4 44. Nxe5 Qxf2+ 45. Kh3 Qf5+ 46. g4 Qxe5 47.
Ba4 Qf4 48. Rxb7 Qxg4+ 49. Kh2 Qg3+ 50. Kh1 Nf2# 0-1

[Event "Online Olym Div3 B 2021"]
[Site "chess.com INT"]
[Date "2021.08.28"]
[Round "5.4"]
[Board "6"]
[White "Sara Masood Abdullah"]
[Black "Tala, Alnasser"]
[Result "0-1"]
[WhiteElo "1683"]
[BlackElo "1431"]
[WhiteTeam "Iraq"]
[BlackTeam "Jordan"]
[WhiteFideId "4809610"]
[BlackFideId "8110328"]
[EventDate "2021.08.27"]
[EventType "team"]

1. d4 d5 2. Nf3 Nf6 3. c4 c6 4. Nc3 Bg4 5. e3 e6 6. Be2 Nbd7 7. h3 Bh5 8. O-O
Rc8 9. b3 Bd6 10. Bb2 Bb8 11. Rc1 Qc7 12. g3 Ne4 13. Nxe4 dxe4 14. Ng5 Bxe2 15.
Qxe2 O-O 16. Nxe4 Qd8 17. Rfd1 f5 18. Nd2 Qg5 19. Nf1 Nf6 20. Qf3 h5 21. h4 Qg6
22. d5 exd5 23. Bxf6 Rxf6 24. cxd5 f4 25. Qg2 fxg3 26. fxg3 Rcf8 27. Rd2 cxd5
28. Qxd5+ Kh7 29. Qg2 Rf3 30. Kh1 Bxg3 31. Nxg3 Rxg3 32. Qh2 Qg4 33. Rcd1 Qf3+ 0-1

[Event "Online Olym Div3 B 2021"]
[Site "chess.com INT"]
[Date "2021.08.28"]
[Round "5.5"]
[Board "1"]
[White "O'Donnell, Conor"]
[Black "Khairallah, Faisal"]
[Result "0-1"]
[WhiteTitle "FM"]
[BlackTitle "FM"]
[WhiteElo "2314"]
[BlackElo "2247"]
[WhiteTeam "Ireland"]
[BlackTeam "Lebanon"]
[WhiteFideId "2504243"]
[BlackFideId "4628250"]
[EventDate "2021.08.27"]
[EventType "team"]

1. d4 Nf6 2. Bg5 Ne4 3. Bf4 d5 4. e3 c6 5. Bd3 Qb6 6. Qc1 Nd7 7. Nf3 Ndf6 8. O-O
Bf5 9. Ne5 e6 10. c4 Be7 11. c5 Qd8 12. f3 g5 13. fxe4 dxe4 14. Bxg5 exd3 15.
Nc3 Rg8 16. Bh4 Ne4 17. Bxe7 Qxe7 18. Nxe4 Bxe4 19. g3 f6 20. Nc4 O-O-O 21. Nd2
Bf5 22. Qc4 Bg6 23. e4 e5 24. d5 cxd5 25. exd5 e4 26. c6 e3 27. Rae1 e2 28. Rf3
Qe5 29. cxb7+ Kb8 30. Qf4 Rxd5 31. Qxf6 Qxf6 32. Rxf6 Kxb7 33. Kf2 Rc8 34. Re6
Rc2 35. Ke3 Rxb2 36. h4 Rb4 37. Rc1 Rd7 38. Kf2 Rf7+ 39. Ke1 Rb2 40. g4 Rf4 41.
Re7+ Kb6 42. Re6+ Kb5 43. Re5+ Kb4 44. a3+ Kxa3 45. h5 Bf7 46. Rf5 Rxf5 47. gxf5
Kb4 48. h6 Rc2 49. Rb1+ Kc3 50. Ne4+ Kd4 51. Ng5 Ke3 0-1

[Event "Online Olym Div3 B 2021"]
[Site "chess.com INT"]
[Date "2021.08.28"]
[Round "5.5"]
[Board "2"]
[White "Antonios, Johnny"]
[Black "Jessel, Stephen"]
[Result "0-1"]
[WhiteTitle "CM"]
[BlackTitle "FM"]
[WhiteElo "2257"]
[BlackElo "2297"]
[WhiteTeam "Lebanon"]
[BlackTeam "Ireland"]
[WhiteFideId "5300843"]
[BlackFideId "628859"]
[EventDate "2021.08.27"]
[EventType "team"]

1. e4 e6 2. d4 d5 3. Nd2 h6 4. c3 c5 5. dxc5 Bxc5 6. Bd3 Nf6 7. Qe2 O-O 8. Ngf3
Nc6 9. O-O Qc7 10. h3 Nh5 11. Nb3 Ng3 12. Qc2 Bb6 13. Re1 dxe4 14. Bxe4 Bd7 15.
Bh7+ Kh8 16. Be3 f5 17. Bg6 Ne4 18. Rad1 Rad8 19. Qc1 Rf6 20. Nh4 Ne5 21. Bxb6
Qxb6 22. Rxe4 fxe4 23. Rd4 Nxg6 24. Nxg6+ Rxg6 25. Qd1 Rf6 26. Rxd7 Qxf2+ 27.
Kh2 Qf4+ 28. Kg1 Rxd7 29. Qxd7 e3 30. Qd8+ Kh7 31. Qd3+ g6 32. Nd4 Qf2+ 33. Kh2
e5 34. Ne2 Rf7 35. Qc4 h5 36. Ng3 Qf4 37. Qxf4 Rxf4 38. Kg1 h4 39. Nh1 e2 40. g3
e1=Q+ 41. Kg2 Qe2+ 42. Kg1 Rf1# 0-1

[Event "Online Olym Div3 B 2021"]
[Site "chess.com INT"]
[Date "2021.08.28"]
[Round "5.5"]
[Board "3"]
[White "Kanyamarala, Trisha"]
[Black "Mouradian, Knarik"]
[Result "1/2-1/2"]
[WhiteTitle "WIM"]
[BlackTitle "WIM"]
[WhiteElo "2180"]
[BlackElo "2121"]
[WhiteTeam "Ireland"]
[BlackTeam "Lebanon"]
[WhiteFideId "45004722"]
[BlackFideId "5300517"]
[EventDate "2021.08.27"]
[EventType "team"]

1. d4 d5 2. c4 c6 3. cxd5 cxd5 4. Bf4 Nc6 5. e3 Nf6 6. Nc3 Bf5 7. Qb3 Qd7 8. Nf3
e6 9. Ne5 Qc8 10. Nxc6 bxc6 11. Be2 Be7 12. Rc1 O-O 13. O-O Qd7 14. Na4 Ne4 15.
Qd1 g5 16. Be5 f6 17. Bg3 Nxg3 18. hxg3 Rab8 19. b3 Ba3 20. Rc3 Bb4 21. Rc1 Ba3
22. Rc3 Bb4 23. Rc1 Ba3 1/2-1/2

[Event "Online Olym Div3 B 2021"]
[Site "chess.com INT"]
[Date "2021.08.28"]
[Round "5.5"]
[Board "4"]
[White "Nekrasova, Elena"]
[Black "Ferguson, Dayna"]
[Result "0-1"]
[WhiteTitle "WFM"]
[WhiteElo "2028"]
[BlackElo "1734"]
[WhiteTeam "Lebanon"]
[BlackTeam "Ireland"]
[WhiteFideId "14100908"]
[BlackFideId "2509342"]
[EventDate "2021.08.27"]
[EventType "team"]

1. e4 c5 2. Nf3 d6 3. d4 Nf6 4. Nc3 cxd4 5. Nxd4 Nc6 6. Be2 e5 7. Nb3 Be7 8. O-O
O-O 9. Be3 Be6 10. f4 a5 11. f5 Bxb3 12. cxb3 Rc8 13. a3 Nb8 14. Bc4 Nbd7 15.
Bd5 b6 16. Kh1 Nc5 17. Rf2 Qc7 18. Rd2 Rfd8 19. b4 Ncd7 20. Qb3 Rf8 21. Rad1 Ng4
22. Bg1 Nb8 23. h3 Nf6 24. Nb5 Qd7 25. bxa5 bxa5 26. Bb6 Nc6 27. Qa4 h6 28. Nc3
Nh5 29. Bxa5 Nf4 30. Bxc6 Rxc6 31. Nd5 Rfc8 32. Bc3 Nxd5 33. Rxd5 Qc7 34. Qa5
Qb7 35. Bb4 Rc1 36. Bxd6 Bxd6 37. Rxd6 Qxe4 38. Qd2 R1c2 39. Rd8+ Kh7 40. Rd7
Rxd2 41. R7xd2 Rc2 42. Kh2 Rxd2 43. Rxd2 Qf4+ 44. Kg1 Qxd2 45. Kh2 Qxb2 0-1

[Event "Online Olym Div3 B 2021"]
[Site "chess.com INT"]
[Date "2021.08.28"]
[Round "5.5"]
[Board "5"]
[White "Kanyamarala, Tarun"]
[Black "Arkadan, Adib"]
[Result "1-0"]
[WhiteTitle "FM"]
[WhiteElo "2369"]
[BlackElo "1742"]
[WhiteTeam "Ireland"]
[BlackTeam "Lebanon"]
[WhiteFideId "45004714"]
[BlackFideId "5304946"]
[EventDate "2021.08.27"]
[EventType "team"]

1. e4 c5 2. Nf3 Nc6 3. Bb5 g6 4. O-O Bg7 5. Re1 e5 6. b4 cxb4 7. a3 Nge7 8. axb4
O-O 9. c3 d5 10. d3 dxe4 11. dxe4 Qxd1 12. Rxd1 Bg4 13. Be3 Rfd8 14. Nbd2 a6 15.
Bc4 Rac8 16. Bc5 Bf6 17. h3 Be6 18. Bxe6 fxe6 19. Nc4 Kf8 20. Nb6 Rxd1+ 21. Rxd1
Rd8 22. Nd7+ Kg7 23. g4 Nb8 24. g5 Rxd7 25. gxf6+ Kxf6 26. Rc1 Nbc6 27. Be3 Nc8
28. Nh2 g5 29. Kf1 Nd6 30. Rd1 Rd8 31. Ng4+ Kg6 32. Bb6 Rd7 33. Bc5 h5 34. Ne3
Nd4 35. cxd4 Nxe4 36. dxe5 Rf7 37. Nc4 Rf3 38. Nd2 Rd3 39. Ke2 Nxc5 40. bxc5 Rd5
41. Rc1 Rxe5+ 42. Kd3 Rd5+ 43. Ke3 Kf5 44. Nf3 e5 45. c6 bxc6 46. Rxc6 Ra5 47.
Rh6 Ra3+ 48. Ke2 Ra2+ 49. Kf1 e4 50. Nd4+ Ke5 51. Ne6 Ra1+ 52. Kg2 Kf5 53. Ng7+
Ke5 54. Nxh5 Ra2 55. Rh8 Kf5 56. Ng3+ Kf4 57. Re8 Ra4 58. Rf8+ Ke5 59. Rf5+ Ke6
60. Rxg5 Kf6 61. Rg4 Ke5 62. h4 a5 63. h5 Rd4 64. Rg5+ Kf4 65. Rf5+ Kg4 66. Rxa5
e3 67. f3+ Kh4 68. Nf5+ Kg5 69. Nxd4+ Kh4 70. f4 e2 71. Nxe2 Kg4 72. f5 Kh4 73.
h6 Kg4 74. h7 Kg5 75. f6+ Kg4 76. Ng3 Kf4 77. h8=Q Ke3 78. Re5+ Kf4 79. Rf5+ Ke3
80. Qe8+ Kd2 81. Rd5+ Kc3 82. Qc6+ Kb2 83. Rb5+ 1-0

[Event "Online Olym Div3 B 2021"]
[Site "chess.com INT"]
[Date "2021.08.28"]
[Round "6.1"]
[Board "1"]
[White "Eiti, Bashir"]
[Black "Khairallah, Faisal"]
[Result "1-0"]
[WhiteTitle "IM"]
[BlackTitle "FM"]
[WhiteElo "2340"]
[BlackElo "2247"]
[WhiteTeam "Syria"]
[BlackTeam "Lebanon"]
[WhiteFideId "7601875"]
[BlackFideId "4628250"]
[EventDate "2021.08.27"]
[EventType "team"]

1. d4 Nf6 2. Bf4 d5 3. e3 e6 4. Nf3 c5 5. c3 Nc6 6. Nbd2 Bd6 7. Bg3 O-O 8. Bb5
Ne7 9. Bd3 Qc7 10. Bxd6 Qxd6 11. Ne5 c4 12. Bc2 b5 13. Qf3 Rb8 14. Qg3 Rb6 15.
a3 a5 16. O-O Bb7 17. Qh4 Ng6 18. Bxg6 hxg6 19. f4 Ra8 20. Rf3 Kf8 21. Qh8+ Ng8
22. Rh3 f6 23. Nxg6+ Kf7 24. Rh7 e5 25. Rxg7+ Ke6 26. f5+ Kxf5 27. Qh3+ Kg5 28.
Nf3# 1-0

[Event "Online Olym Div3 B 2021"]
[Site "chess.com INT"]
[Date "2021.08.28"]
[Round "6.1"]
[Board "2"]
[White "Antonios, Johnny"]
[Black "Koniahli, Malek."]
[Result "0-1"]
[WhiteTitle "CM"]
[BlackTitle "FM"]
[WhiteElo "2257"]
[BlackElo "2255"]
[WhiteTeam "Lebanon"]
[BlackTeam "Syria"]
[WhiteFideId "5300843"]
[BlackFideId "7603495"]
[EventDate "2021.08.27"]
[EventType "team"]

1. e4 c6 2. d4 d5 3. Nd2 dxe4 4. Nxe4 Nf6 5. Nxf6+ exf6 6. c3 Bd6 7. Bd3 O-O 8.
Qc2 Re8+ 9. Ne2 h5 10. O-O h4 11. h3 Nd7 12. Rd1 Nf8 13. c4 Bc7 14. b3 Kh8 15.
Be4 g5 16. Ba3 f5 17. Bxf5 Bxf5 18. Qxf5 Rxe2 19. Qxf7 Nh7 20. d5 Qf6 21. Qxf6+
Nxf6 22. Kf1 Rae8 23. dxc6 bxc6 24. Bd6 Bb6 25. c5 Ba5 26. a3 Bc3 27. Rab1 Kg7
28. b4 Kg6 29. a4 a6 30. b5 axb5 31. axb5 cxb5 32. c6 R2e6 33. f3 Be5 34. Bxe5
Rxe5 35. Rbc1 Rc8 36. c7 Re7 37. Rc5 Rexc7 38. Rxb5 Rc1 39. Rxc1 Rxc1+ 40. Kf2
Rc2+ 41. Kf1 Nh5 42. Ra5 Nf4 43. Ra6+ Kh5 44. Ra8 Nxg2 45. Rh8+ Kg6 46. Rg8+ Kf5
47. Rf8+ Ke5 48. Rg8 Ne3+ 49. Ke1 Kf4 50. Rf8+ Kg3 51. Rg8 Kxf3 52. Rf8+ Kg3 53.
Rg8 g4 54. hxg4 Nxg4 55. Kf1 h3 56. Ke1 h2 57. Rh8 Rc1+ 58. Kd2 h1=Q 0-1

[Event "Online Olym Div3 B 2021"]
[Site "chess.com INT"]
[Date "2021.08.28"]
[Round "6.1"]
[Board "3"]
[White "Mahmoud, Roula"]
[Black "Mouradian, Knarik"]
[Result "0-1"]
[WhiteTitle "WFM"]
[BlackTitle "WIM"]
[WhiteElo "1765"]
[BlackElo "2121"]
[WhiteTeam "Syria"]
[BlackTeam "Lebanon"]
[WhiteFideId "7601263"]
[BlackFideId "5300517"]
[EventDate "2021.08.27"]
[EventType "team"]

1. e4 c5 2. Nf3 d6 3. d4 cxd4 4. Nxd4 Nf6 5. Nc3 a6 6. Be2 e5 7. Nf3 Be7 8. O-O
O-O 9. h3 h6 10. Be3 Be6 11. Qd2 Nbd7 12. Rad1 b5 13. a3 Rc8 14. Nh2 Qc7 15. f4
Nb6 16. g4 Bc4 17. g5 hxg5 18. fxg5 Nfd7 19. Kh1 Nc5 20. Ng4 Qb7 21. Nf6+ gxf6
22. gxf6 Nxe4 23. Nxe4 Bxe2 24. Qxe2 Qxe4+ 25. Kh2 Rxc2 26. Rd2 Rxd2 27. Qxd2
Bxf6 28. Rxf6 Nc4 29. Qf2 Nxe3 30. Qg3+ Kh7 31. Qg5 Qc2+ 32. Kh1 Qd1+ 33. Kh2
Qd2+ 34. Kh1 Qc1+ 35. Qg1 Qxg1+ 36. Kxg1 Nc4 37. Rf2 f5 38. Kh2 f4 39. h4 Ne3
40. Kh3 Rg8 41. h5 Rg3+ 42. Kh4 Nf5# 0-1